| 000 | 00942nam a22002537a 4500 | ||
|---|---|---|---|
| 999 |
_c64107 _d64107 |
||
| 005 | 20240530110715.0 | ||
| 008 | 180219s2013 ua ah g b 00| 0|ara d | ||
| 017 |
_a2012/14399 _bمصر. دار الكتب |
||
| 020 | _a9789770470732 | ||
| 040 |
_aEG-CaGPL _cEG-CaGPL |
||
| 082 | 0 | 4 |
_221 _a327.16 / _bج ت |
| 100 | 0 | _aجمال سلامة على | |
| 245 | 1 | 0 |
_aتحليل العلاقات الدولية : _bدراسة فى ادارة الصراع الدولى / _cجمال سلامة على |
| 250 | _aط. 1 | ||
| 260 |
_aالقاهرة : _bدار النهضة العربية، _c2013. |
||
| 300 |
_a430 ص. : _bايض ؛ _c24 سم. |
||
| 504 | _aيشتمل على ارجاعات ببليوجرافية | ||
| 650 | 0 | 7 |
_2qrmak _aالصراع السياسى |
| 650 | 0 | 7 |
_2qrmak _aالمنازعات الدولية |
| 650 | 0 | 7 |
_2qrmak _aالصراع الاجتماعى |
| 651 | _2qrmak | ||
| 942 |
_2ddc _cBK |
||